000 00793nam a2200265Ia 4500
003 OSt
005 20221005102201.0
006 a|||||r|||| 00| 0
007 ta
008 221004b |||||||| |||| 00| 0 eng d
024 _a14653
037 _bGift, 08/12/2014,
_cTextual
040 _aCRL
_cCRL
_beng
041 _2eng
_aeng
082 _aCjN43, Q3
100 _aRai Amarendra Kumar Ed.
_9622927
245 0 _aTalent
260 _aVaranasi
_bRatna Publications India
_c2013
300 _aiv, 185p.
_ccm.
650 _aPHYSICS
700 _a Rai Dhananjaya Kumar Ed.
_9622928
700 _a Rai Rohan Ed.
_9622929
942 _hCjN43, Q3
_cTEXL
_2cc
999 _c1007994
_d1007994